Japón ante la nueva configuración de Asia del Pacífico : (Registro nro. 5281)
[ vista simple ]
| 000 -LEADER | |
|---|---|
| fixed length control field | 01608nam a2200289Ia 4500 |
| 003 - CONTROL NUMBER IDENTIFIER | |
| control field | OSt |
| 005 - DATE AND TIME OF LATEST TRANSACTION | |
| control field | 20200515174918.0 |
| 008 - FIXED-LENGTH DATA ELEMENTS--GENERAL INFORMATION | |
| fixed length control field | 191128s2011 mx a fr 000 0 spa d |
| 020 ## - INTERNATIONAL STANDARD BOOK NUMBER | |
| International Standard Book Number | 9786074622942 |
| 040 ## - CATALOGING SOURCE | |
| Original cataloging agency | CO-JMCR |
| Transcribing agency | CO-JMCR |
| 041 0# - LANGUAGE CODE | |
| Language code of text/sound track or separate title | spa |
| 082 04 - DEWEY DECIMAL CLASSIFICATION NUMBER | |
| Classification number | 329.05205 / |
| Item number | R177j |
| Edition number | 23 |
| 100 1# - MAIN ENTRY--PERSONAL NAME | |
| Personal name | Ramírez Bonilla, Juan José, |
| Relator term | coordinador |
| 9 (RLIN) | 4426 |
| 245 10 - TITLE STATEMENT | |
| Title | Japón ante la nueva configuración de Asia del Pacífico : |
| Remainder of title | proactividad y reactividad ante un orden internacional fluido / |
| Statement of responsibility, etc. | coordinado por Juan José Ramírez Bonilla, Daniel Toledo Beltrán y Carlos Uscanga Prieto |
| 250 ## - EDITION STATEMENT | |
| Edition statement | Primera edición |
| 260 ## - PUBLICATION, DISTRIBUTION, ETC. | |
| Place of publication, distribution, etc. | México : |
| Name of publisher, distributor, etc. | El Colegio de México, |
| Date of publication, distribution, etc. | 2011 |
| 300 ## - PHYSICAL DESCRIPTION | |
| Extent | 274 páginas : |
| Other physical details | ilustraciones, 2 gráficos a blanco y negro ; |
| Dimensions | 21 cm. |
| 490 0# - SERIES STATEMENT | |
| Series statement | Centro de estudios de Asia y África |
| 500 ## - GENERAL NOTE | |
| General note | Incluye bibliografía al final de cada capítulo. |
| 505 0# - FORMATTED CONTENTS NOTE | |
| Formatted contents note | Japón: entre la proactividad y la reactividad ante la integración económica de Asia del Pacífico -- La política favorable a los acuerdos de comercio preferencial y sus logros parciales -- Los límites de la proyección de Japón en Asia del Este |
| 520 ## - SUMMARY, ETC. | |
| Summary, etc. | Los agentes económicos japoneses desempeñan un papel de primer orden en la consolidación de una "red de producción" en el Pacífico asiático, la región con mayor dinamismo económico. |
| 651 #4 - SUBJECT ADDED ENTRY--GEOGRAPHIC NAME | |
| Geographic name | Japón |
| General subdivision | relaciones exteriores |
| Geographic subdivision | Asia |
| 9 (RLIN) | 4427 |
| 651 #4 - SUBJECT ADDED ENTRY--GEOGRAPHIC NAME | |
| Source of heading or term | Asia |
| General subdivision | relaciones exteriores |
| Geographic subdivision | Japón |
| 9 (RLIN) | 4428 |
| 700 1# - ADDED ENTRY--PERSONAL NAME | |
| Personal name | Toledo Beltrán, Daniel, |
| Relator term | coordinador |
| 9 (RLIN) | 4429 |
| 700 1# - ADDED ENTRY--PERSONAL NAME | |
| Personal name | Uscanga Prieto, Carlos, |
| Relator term | coordinador |
| 9 (RLIN) | 4430 |
| 942 ## - ADDED ENTRY ELEMENTS (KOHA) | |
| Source of classification or shelving scheme | Dewey Decimal Classification |
| Koha item type | Books |
| Withdrawn status | Lost status | Source of classification or shelving scheme | Damaged status | Not for loan | Collection code | Home library | Current library | Date acquired | Source of acquisition | Cost, normal purchase price | Total Checkouts | Full call number | Barcode | Date last seen | Copy number | Koha item type |
|---|---|---|---|---|---|---|---|---|---|---|---|---|---|---|---|---|
| Dewey Decimal Classification | Non-fiction | Biblioteca Pública José María del Castillo y Rada | Biblioteca Pública José María del Castillo y Rada | 04/15/2018 | Donación | 0.00 | 329.05205 / R177j | 430001623 | 05/16/2024 | Ej.1 | Books |